01579nam a2200157 a 4500008004100000020001100041041000800052100001800060245004500078250001100123260005100134300001100185500010000196505111400296655001101410120515t1982 ag |||g |||| 001 0 spa d a950654 aspa1 aPadilla, Lila 3aDe santones y hechiceros /cLila Padilla a1a ed. aBuenos Aires:bEnrique S. Rueda Editor;c1982. a182 p. aPadilla, L. (1982). De santones y hechiceros. (1a ed.). Buenos Aires : Enrique S. Rueda editor. aNovela tensa, dramática, de acertada trama, Lila Padilla retoma en "De santones y hechiceros" personajes que nos son familiares pues Osvaldo y el profesor nacieron en "De arcángeles y demonios". Sin embargo, el clima es otro; ya no la ciudad sino un vallecito tucumano apeñuscado entre serranías, donde habita un pequeño conglomerado social, lo suficientemente numeroso como para mostrar que en todos que en cada uno el bien y el mal coexisten como faces de una misma moneda. La nobleza del agonista contrastando con el ambiente, las gentes posesas de miedos, supersticiones, horrores del más allá, Isidora y el profesor, revelando que ignaros o cultos destruyen cuanto los rodea cuando la perversidad o el odio los convulsionan confieren al libro un todo muy singular. Criaturas que transitan por las páginas en carne y en entraña, se las oye respirar, o tiemblan sus palabras con la carga de tensiones. Excelente el diálogo jugado entre el hablar culto y el natural del resto, unido al encanto de las descripciones del paisaje, esta novela puede esperar la franca adhesión del lector.  aNovela